| 000 | 00322 a2200133 4500 | ||
|---|---|---|---|
| 003 | Nust | ||
| 005 | 20170207154042.0 | ||
| 040 | _cNust | ||
| 100 | _aBoole, Mary Everest | ||
| 245 |
_aPhilosophy and Fun of Algebra (E-BOOK) _cMary Everest Boole |
||
| 260 |
_aC. W. DANIEL, LTD. _bLONDON _c2005 |
||
| 300 | _a56 p | ||
| 651 | _aE-BOOK | ||
| 942 |
_2ddc _cBK |
||
| 999 |
_c192696 _d192696 |
||